Archinet (Record no. 119423)
[ view plain ]
| 000 -LEADER | |
|---|---|
| fixed length control field | 00721cam a2200169 4500 |
| 001 - CONTROL NUMBER | |
| control field | WS104591 |
| 008 - FIXED-LENGTH DATA ELEMENTS--GENERAL INFORMATION | |
| fixed length control field | 000000n 000 0 eng u |
| 035 ## - SYSTEM CONTROL NUMBER | |
| System control number | (Sirsi) u104591 |
| 110 2# - MAIN ENTRY--CORPORATE NAME | |
| Corporate name or jurisdiction name as entry element | American Institute of Architects |
| 9 (RLIN) | 3839 |
| 245 ## - TITLE STATEMENT | |
| Title | Archinet |
| 520 ## - SUMMARY, ETC. | |
| Summary, etc. | Site which describes itself as 'the gateway and host for architects, designers and the construction industry'' set up by the American Institute of Architects in the UK. Includes news, events and links to other relevant sites. |
| 650 ## - SUBJECT ADDED ENTRY--TOPICAL TERM | |
| Topical term or geographic name entry element | ARCHITECTS |
| 650 ## - SUBJECT ADDED ENTRY--TOPICAL TERM | |
| Topical term or geographic name entry element | CONSTRUCTION INDUSTRY |
| 690 ## - LOCAL SUBJECT ADDED ENTRY--TOPICAL TERM (OCLC, RLIN) | |
| Topical term or geographic name as entry element | BUILT ENVIRONMENT |
| 856 40 - ELECTRONIC LOCATION AND ACCESS | |
| Uniform Resource Identifier | <a href="https://www.archinet.co.uk/index.html">https://www.archinet.co.uk/index.html</a> |
| Public note | View the website free of charge at www.archinet.co.uk/index.html... |
| 942 ## - ADDED ENTRY ELEMENTS (KOHA) | |
| Suppress in OPAC | 0 |
| Withdrawn status | Lost status | Source of classification or shelving scheme | Damaged status | Not for loan | Home library | Current library | Shelving location | Date acquired | Total Checkouts | Full call number | Barcode | Date last seen | Copy number | Price effective from | Koha item type |
|---|---|---|---|---|---|---|---|---|---|---|---|---|---|---|---|
| Dewey Decimal Classification | Virtual | Virtual | Online | 07/03/2000 | WEB SITE | 104591-2001 | 06/08/2019 | 1 | 06/08/2019 | Online material |